Για τον Κυριάκο Χαραλαμπίδη : κριτικά κείμενα
Saved in:
| Other Authors: | |
|---|---|
| Format: | Book |
| Language: | Greek |
| Published: |
Λευκωσία :
Αιγαίον,
2009.
|
| Series: | Λογοτεχνική κριτική (Αιγαίον)
|
| Subjects: | |
| Tags: |
Add Tag
No Tags, Be the first to tag this record!
|
MARC
| LEADER | 00000cam a2200000 a 4500 | ||
|---|---|---|---|
| 001 | 1/107168 | ||
| 008 | 150629s2009####cy | ||| |||| ||gre|| | ||
| 020 | |a 9789963596447 | ||
| 040 | |a GR-MyUa |b gre |c GR-MyUa |e AACR2 | ||
| 041 | 0 | |a gre | |
| 082 | 7 | |a 889.4 |2 (23) | |
| 245 | 0 | 0 | |a Για τον Κυριάκο Χαραλαμπίδη : |b κριτικά κείμενα / |c εισαγωγή, ανθολόγηση κειμένων: Θεοδόσης Πυλαρινός. |
| 260 | |a Λευκωσία : |b Αιγαίον, |c 2009. | ||
| 300 | |a 442 σ. ; |c 22 εκ. | ||
| 490 | 1 | |a (Λογοτεχνική κριτική / Αιγαίον) | |
| 600 | 1 | 0 | |a Χαραλαμπίδης, Κυριάκος, |d 1940- |
| 650 | 0 | |a Greek poetry, Modern |z Cyprus. | |
| 650 | 0 | |a Greek poetry, Modern |x History and criticism. | |
| 700 | 1 | |a Πυλαρινός, Θεοδόσης, |e aui | |
| 830 | 0 | |a Λογοτεχνική κριτική (Αιγαίον) | |
| 852 | |a INST |b RHODES |e 20150629 |h 889.4 ΚΥΡ |p 005400037855 |q 005400037855 |t BK |y 0 | ||
| 970 | |z 29-06-2015 | ||